000 00290nam a22001337a 4500
008 170602b xxu||||| |||| 00| 0 eng d
020 _a9780023632754
041 _aeng
080 _25 ED
_a94
100 _a17
101 _aSHH
245 _aWESTERN HERITAGE
_cKAGUN.D
942 _2udc
_cBK
999 _c15555
_d15555